Fuels and refractories (Record no. 24035)
[ view plain ]
| 000 -LEADER | |
|---|---|
| fixed length control field | 00263nam a2200109Ia 4500 |
| 082 ## - DEWEY DECIMAL CLASSIFICATION NUMBER | |
| Classification number | 662.6 |
| Item number | GIL |
| 100 ## - MAIN ENTRY--AUTHOR NAME | |
| Personal name | Gilchrist, J D |
| 245 #0 - TITLE STATEMENT | |
| Title | Fuels and refractories |
| 260 ## - PUBLICATION, DISTRIBUTION, ETC. (IMPRINT) | |
| Place of publication | London |
| Name of publisher | Pergamon |
| Year of publication | 1963 |
| 942 ## - ADDED ENTRY ELEMENTS (KOHA) | |
| Koha item type | Books |
| Withdrawn status | Lost status | Damaged status | Not for loan | Home library | Current library | Date acquired | Cost, normal purchase price | Full call number | Accession Number | Koha item type |
|---|---|---|---|---|---|---|---|---|---|---|
| RRII Library | RRII Library | 16/12/2021 | 3.50 | 662.6 GIL | 04723 | Books |